000 00589nam a2200121Ia 4500
008 220620s9999||||xx |||||||||||||| ||und||
245 0 _aTransformative pathways to sustainability
_bLearning across disciplines, cultures and context
546 _aEnglish[eng]
650 _aDevelopment economics and emerging economies||Applied ecology||Environmental science, engineering and technology
700 _aEly, Adrian
856 _uhttps://library.oapen.org/bitstream/20.500.12657/50519/1/9781000465105.pdf||https://library.oapen.org/bitstream/20.500.12657/50519/1/9781000465105.pdf
942 _cEB
999 _c22505
_d22505